Five days to an organized life [

Bibliographic Details
Main Author: Hedrick, Lucy
Format: Book
Published: Illinois : Nightingale-Conant Audio , 19--
Subjects:

MARC

LEADER 00000cam a2200000 7i4500
001 0000001414
002 000001554
005 20021029.0
020 |a 1555253725 
090 0 0 |a 658.4093   |b HED 
100 1 |a Hedrick, Lucy 
245 1 0 |a Five days to an organized life [  |h sound recording]   |c Lucy Hedrick 
260 |a Illinois :   |b Nightingale-Conant Audio ,   |c 19-- 
300 |a 1 sound cassette [60 minutes] 
650 0 0 |a Time management   |x Organizational skills 
999 |a 00020   |b KASET   |c KOLEKSI AUDIO VIDEO   |e PERPUSTAKAAN KOMUNITI PETALING JAYA